<?xml version="1.0" encoding="UTF-8"?>
<record
    xmlns:xsi="http://www.w3.org/2001/XMLSchema-instance"
    xsi:schemaLocation="http://www.loc.gov/MARC21/slim http://www.loc.gov/standards/marcxml/schema/MARC21slim.xsd"
    xmlns="http://www.loc.gov/MARC21/slim">

  <leader>01035nam a2200229Ia 4500</leader>
  <controlfield tag="003">OSt</controlfield>
  <controlfield tag="005">20260427105204.0</controlfield>
  <controlfield tag="008">210210b1990   xxu||||| |||| 00| 0 eng d</controlfield>
  <datafield tag="020" ind1=" " ind2=" ">
    <subfield code="a">81 86670 40 8</subfield>
  </datafield>
  <datafield tag="040" ind1=" " ind2=" ">
    <subfield code="c">AL</subfield>
  </datafield>
  <datafield tag="041" ind1=" " ind2=" ">
    <subfield code="a">Kannada</subfield>
  </datafield>
  <datafield tag="082" ind1=" " ind2=" ">
    <subfield code="a">398.22K VAMK</subfield>
  </datafield>
  <datafield tag="100" ind1=" " ind2=" ">
    <subfield code="a">VAMANA NANDAVARA.</subfield>
    <subfield code="d"> &#xCB5;&#xCBE;&#xCAE;&#xCA8; &#xCA8;&#xC82;&#xCA6;&#xCB5;&#xCB0;</subfield>
    <subfield code="9">262810</subfield>
  </datafield>
  <datafield tag="245" ind1=" " ind2=" ">
    <subfield code="a">Koti chennaya: Janapadaiya adyayana.</subfield>
    <subfield code="b">&#xC95;&#xCCB;&#xC9F;&#xCBF; &#xC9A;&#xCC6;&#xCA8;&#xCCD;&#xCA8;&#xCAF;: &#xC9C;&#xCBE;&#xCA8;&#xCAA;&#xCA6;&#xCC0;&#xCAF; &#xC85;&#xCA7;&#xCCD;&#xCAF;&#xCAF;&#xCA8;</subfield>
  </datafield>
  <datafield tag="260" ind1=" " ind2=" ">
    <subfield code="a">Mangaluru.</subfield>
    <subfield code="b">Hemanshu Prakashana</subfield>
    <subfield code="c">1990</subfield>
  </datafield>
  <datafield tag="300" ind1=" " ind2=" ">
    <subfield code="a">420</subfield>
  </datafield>
  <datafield tag="520" ind1=" " ind2=" ">
    <subfield code="a">&#xCAE;&#xC82;&#xC97;&#xCB3;&#xCC2;&#xCB0;&#xCC1; &#xCB5;&#xCBF;&#xCB6;&#xCCD;&#xCB5;&#xCB5;&#xCBF;&#xCA6;&#xCCD;&#xCAF;&#xCBE;&#xCA8;&#xCBF;&#xCB2;&#xCAF;&#xCA6; &#xCAC;&#xCBF;.&#xC8E;.&#xCB5;&#xCBF;&#xCB5;&#xCC7;&#xC95; &#xCB0;&#xCC8;&#xCAF;&#xCB5;&#xCB0; &#xCAE;&#xCBE;&#xCB0;&#xCCD;&#xC97;&#xCA6;&#xCB0;&#xCCD;&#xCB6;&#xCA8;&#xCA6;&#xCB2;&#xCCD;&#xCB2;&#xCBF; '&#xC95;&#xCCB;&#xC9F;&#xCBF; &#xC9A;&#xCC6;&#xCA8;&#xCCD;&#xCA8;&#xCAF; &#xC9C;&#xCBE;&#xCA8;&#xCAA;&#xCA6;&#xCC0;&#xCAF; &#xC85;&#xCA7;&#xCCD;&#xCAF;&#xCAF;&#xCA8;&#x2019; &#xCAE;&#xCB9;&#xCBE; &#xCAA;&#xCCD;&#xCB0;&#xCAC;&#xC82;&#xCA7;&#xC95;&#xCCD;&#xC95;&#xCC6; &#xCAA;&#xCBF;&#xC8E;&#xC9A;&#xCCD;.&#xCA1;&#xCBF; &#xCAA;&#xCA6;&#xCB5;&#xCBF;</subfield>
  </datafield>
  <datafield tag="650" ind1=" " ind2=" ">
    <subfield code="a">Ph.D. degree for the thesis  'A Folkloristic Study of Koti-Chennaya' </subfield>
    <subfield code="9">262816</subfield>
  </datafield>
  <datafield tag="690" ind1=" " ind2=" ">
    <subfield code="a">Folklore</subfield>
    <subfield code="9">262812</subfield>
  </datafield>
  <datafield tag="906" ind1=" " ind2=" ">
    <subfield code="a">056319</subfield>
  </datafield>
  <datafield tag="942" ind1=" " ind2=" ">
    <subfield code="2">ddc</subfield>
    <subfield code="c">BK</subfield>
  </datafield>
  <datafield tag="999" ind1=" " ind2=" ">
    <subfield code="c">103997</subfield>
    <subfield code="d">103997</subfield>
  </datafield>
  <datafield tag="952" ind1=" " ind2=" ">
    <subfield code="0">0</subfield>
    <subfield code="1">0</subfield>
    <subfield code="4">0</subfield>
    <subfield code="7">0</subfield>
    <subfield code="8">Folklore</subfield>
    <subfield code="a">AL</subfield>
    <subfield code="b">AL</subfield>
    <subfield code="c">Folklore</subfield>
    <subfield code="d">2021-02-17</subfield>
    <subfield code="e">Hemanshu Prakashana, Mangalore</subfield>
    <subfield code="g">525.00</subfield>
    <subfield code="l">0</subfield>
    <subfield code="o">398.22K VAMK</subfield>
    <subfield code="p">056319</subfield>
    <subfield code="r">2021-02-17 00:00:00</subfield>
    <subfield code="w">2021-02-17</subfield>
    <subfield code="y">BK</subfield>
  </datafield>
</record>
